|
|
|
|
| LEADER |
01104cam a2200265 a 4500 |
| 001 |
800456 |
| 003 |
GR-PaULI |
| 005 |
20250401104930.0 |
| 008 |
960307s1995 enk|||| |||| 001|0|eng |
| 020 |
|
|
|a 0631194282
|
| 040 |
|
|
|a GR-PaULI
|c GR-PaULI
|b gre
|e AACR2
|
| 041 |
0 |
|
|a eng
|
| 082 |
|
|
|2 23
|a 155.413
|
| 245 |
0 |
0 |
|a Children's cognitive and language development /
|c editors, Victor Lee and Prajna Das Gupta.
|
| 260 |
|
|
|a Oxford :
|b Blackwell,
|c 1995.
|
| 300 |
|
|
|a x, 309 σ. :
|b εικ. ;
|c 24 εκ.
|
| 504 |
|
|
|a Περιλαμβάνει βιβλιογραφικές παραπομπές και ευρετήριο.
|
| 650 |
|
4 |
|a Παιδιά
|9 1204
|x Ανάπτυξη
|
| 650 |
|
4 |
|a Αντίληψη στα παιδιά
|9 7792
|
| 700 |
1 |
|
|a Lee, Victor J.
|e επιμελητής.
|q
|9 113866
|
| 700 |
1 |
|
|a Das Gupta, Prajna
|e επιμελητής.
|9 168003
|
| 942 |
|
|
|2 ddc
|c BK
|
| 952 |
|
|
|0 0
|1 0
|2 ddc
|4 0
|6 155_413000000000000_CHI
|7 0
|9 223898
|a PTDE
|b PTDE
|c BSC
|d 2018-07-04
|i 11723
|l 0
|o 155.413 CHI
|p 025000211470
|r 2018-07-04 00:00:00
|t 1
|v 2018.00
|w 2018-07-04
|y BK15
|
| 998 |
|
|
|c ΤΣΕΝΕ
|d 2018-07
|
| 999 |
|
|
|c 133558
|d 133558
|